书目信息 |
| 题名: |
电视天线的制作
|
|
| 作者: | 欧阳慧 编 | |
| 分册: | ||
| 出版信息: | 广州 广东科技出版社 1982 |
|
| 页数: | 122页 | |
| 开本: | 19cm | |
| 丛书名: | ||
| 单 册: | ||
| 中图分类: | TN948.52 | |
| 科图分类: | ||
| 主题词: | 电视天线--制作 | |
| 电子资源: | ||
| ISBN: | ||
| 000 | 00603nam0 2200229 45 | |
| 001 | 0182006586 | |
| 005 | 20061126103138.10 | |
| 010 | @dCNY0.37 | |
| 091 | @aCN@b13182.81 | |
| 100 | @a19950614d1982 em y0chiy0121 ea | |
| 101 | 0 | @achi |
| 102 | @aCN@b440000 | |
| 105 | @ay z 000yy | |
| 200 | 10 | @a电视天线的制作@Adian shi tian xian de zhi zuo@f欧阳慧等编 |
| 210 | @a广州@c广东科技出版社@d1982 | |
| 215 | @a122页@d19cm | |
| 606 | @a电视天线@x制作 | |
| 690 | @aTN948.52@v3 | |
| 701 | 0 | @a欧阳慧@Aou yang hui@4编 |
| 801 | 2 | @aCN@bNLC@c20061126 |
| 801 | 0 | @aCN@bTSSF |
| 905 | @a10447@dTN948.52@e92 | |
| 电视天线的制作/欧阳慧等编.-广州:广东科技出版社,1982 |
| 122页;19cm |
| ISBN :CNY0.37 |
| ● |
| 相关链接 |
|
|
|
|
正题名:电视天线的制作
索取号:TN948.52/92
 
预约/预借
| 序号 | 登录号 | 条形码 | 馆藏地/架位号 | 状态 | 备注 |
| 1 | 0178354 | 001326149 | 第二样本阅览室/ [索取号:TN948.52/92] | 在馆 |